<?xml version="1.0" encoding="UTF-8"?>
<record
    xmlns:xsi="http://www.w3.org/2001/XMLSchema-instance"
    xsi:schemaLocation="http://www.loc.gov/MARC21/slim http://www.loc.gov/standards/marcxml/schema/MARC21slim.xsd"
    xmlns="http://www.loc.gov/MARC21/slim">

  <leader>00815nam a22001577a 4500</leader>
  <controlfield tag="003">OSt</controlfield>
  <controlfield tag="005">20161102150042.0</controlfield>
  <controlfield tag="008">161102b        xxu||||| |||| 00| 0 eng d</controlfield>
  <datafield tag="040" ind1=" " ind2=" ">
    <subfield code="c">RUA</subfield>
  </datafield>
  <datafield tag="082" ind1=" " ind2=" ">
    <subfield code="a">FOR KEO 2015 B524 Or.</subfield>
  </datafield>
  <datafield tag="100" ind1=" " ind2=" ">
    <subfield code="9">11103</subfield>
    <subfield code="a">KEO BUNSREANG; &#x1780;&#x17C2;&#x179C; &#x1794;&#x17CA;&#x17BB;&#x1793;&#x179F;&#x17D2;&#x179A;&#x17C0;&#x1784;</subfield>
  </datafield>
  <datafield tag="245" ind1=" " ind2=" ">
    <subfield code="a">Study on the growth of Dalbergai chochichinese in situation as sapling near to hopea odorata plantation in R.U.A; &#x179F;&#x17B7;&#x1780;&#x17D2;&#x179F;&#x17B6;&#x179B;&#x17BE;&#x1780;&#x17B6;&#x179A;&#x179B;&#x17BC;&#x178F;&#x179B;&#x17B6;&#x179F;&#x17CB;&#x179A;&#x1794;&#x179F;&#x17CB;&#x1788;&#x17BE;&#x1780;&#x17D2;&#x179A;&#x1789;&#x17BC;&#x1784;&#x1780;&#x17D2;&#x1793;&#x17BB;&#x1784;&#x179F;&#x17D2;&#x1790;&#x17B6;&#x1793;&#x1797;&#x17B6;&#x1796;&#x1787;&#x17B6;&#x1796;&#x17D2;&#x179A;&#x17C3;&#x179F;&#x17D2;&#x1793;&#x17B6;&#x1794;&#x17CB;&#x1793;&#x17C5;&#x1780;&#x17D2;&#x1794;&#x17C2;&#x179A;&#x1785;&#x17C6;&#x1780;&#x17B6;&#x179A;&#x1782;&#x1782;&#x17B8;&#x179A;&#x1793;&#x17C3;&#x179F;&#x17B6;&#x1780;&#x179B;&#x179C;&#x17B7;&#x1791;&#x17D2;&#x1799;&#x17B6;&#x179B;&#x17CD;&#x1797;&#x17BC;&#x1798;&#x17B7;&#x1793;&#x17D2;&#x1791;&#x1780;&#x179F;&#x17B7;&#x1780;&#x1798;&#x17D2;&#x1798;</subfield>
  </datafield>
  <datafield tag="260" ind1=" " ind2=" ">
    <subfield code="a">Phnom Penh</subfield>
    <subfield code="b">RUA</subfield>
    <subfield code="c">2015</subfield>
  </datafield>
  <datafield tag="300" ind1=" " ind2=" ">
    <subfield code="a">x; 33p.</subfield>
    <subfield code="b">ill.</subfield>
    <subfield code="c">29cm.</subfield>
  </datafield>
  <datafield tag="942" ind1=" " ind2=" ">
    <subfield code="2">ddc</subfield>
    <subfield code="c">FOR</subfield>
  </datafield>
  <datafield tag="999" ind1=" " ind2=" ">
    <subfield code="c">10678</subfield>
    <subfield code="d">10678</subfield>
  </datafield>
  <datafield tag="952" ind1=" " ind2=" ">
    <subfield code="0">0</subfield>
    <subfield code="1">0</subfield>
    <subfield code="2">ddc</subfield>
    <subfield code="4">0</subfield>
    <subfield code="6">FOR_KEO_2015_000000000000000_B524_OR_1</subfield>
    <subfield code="7">0</subfield>
    <subfield code="9">55506</subfield>
    <subfield code="a">LBB</subfield>
    <subfield code="b">LBB</subfield>
    <subfield code="c">B524</subfield>
    <subfield code="d">2016-11-02</subfield>
    <subfield code="o">FOR KEO 2015 B524 Or.1</subfield>
    <subfield code="p">RUA061020</subfield>
    <subfield code="r">2016-11-02</subfield>
    <subfield code="w">2016-11-02</subfield>
    <subfield code="y">FOR</subfield>
  </datafield>
  <datafield tag="952" ind1=" " ind2=" ">
    <subfield code="0">0</subfield>
    <subfield code="1">0</subfield>
    <subfield code="2">ddc</subfield>
    <subfield code="4">0</subfield>
    <subfield code="6">FOR_KEO_2015_000000000000000_B524_OR_2</subfield>
    <subfield code="7">0</subfield>
    <subfield code="9">55507</subfield>
    <subfield code="a">LBB</subfield>
    <subfield code="b">LBB</subfield>
    <subfield code="c">B524</subfield>
    <subfield code="d">2016-11-02</subfield>
    <subfield code="o">FOR KEO 2015 B524 Or.2</subfield>
    <subfield code="p">RUA060762</subfield>
    <subfield code="r">2016-11-02</subfield>
    <subfield code="w">2016-11-02</subfield>
    <subfield code="y">FOR</subfield>
  </datafield>
  <datafield tag="952" ind1=" " ind2=" ">
    <subfield code="0">0</subfield>
    <subfield code="1">0</subfield>
    <subfield code="2">ddc</subfield>
    <subfield code="4">0</subfield>
    <subfield code="6">FOR_KEO_2015_000000000000000_B524_OR_3</subfield>
    <subfield code="7">0</subfield>
    <subfield code="9">55508</subfield>
    <subfield code="a">LBB</subfield>
    <subfield code="b">LBB</subfield>
    <subfield code="c">B524</subfield>
    <subfield code="d">2016-11-02</subfield>
    <subfield code="o">FOR KEO 2015 B524 Or.3</subfield>
    <subfield code="p">RUA060989</subfield>
    <subfield code="r">2016-11-02</subfield>
    <subfield code="w">2016-11-02</subfield>
    <subfield code="y">FOR</subfield>
  </datafield>
  <datafield tag="952" ind1=" " ind2=" ">
    <subfield code="0">0</subfield>
    <subfield code="1">0</subfield>
    <subfield code="2">ddc</subfield>
    <subfield code="4">0</subfield>
    <subfield code="6">FOR_KEO_2015_000000000000000_B524_OR_4</subfield>
    <subfield code="7">0</subfield>
    <subfield code="9">55509</subfield>
    <subfield code="a">LBB</subfield>
    <subfield code="b">LBB</subfield>
    <subfield code="c">B524</subfield>
    <subfield code="d">2016-11-02</subfield>
    <subfield code="o">FOR KEO 2015 B524 Or.4</subfield>
    <subfield code="p">RUA060498</subfield>
    <subfield code="r">2016-11-02</subfield>
    <subfield code="w">2016-11-02</subfield>
    <subfield code="y">FOR</subfield>
  </datafield>
  <datafield tag="952" ind1=" " ind2=" ">
    <subfield code="0">0</subfield>
    <subfield code="1">0</subfield>
    <subfield code="2">ddc</subfield>
    <subfield code="4">0</subfield>
    <subfield code="6">FOR_KEO_2015_000000000000000_B524_OR_5</subfield>
    <subfield code="7">0</subfield>
    <subfield code="9">55510</subfield>
    <subfield code="a">LBB</subfield>
    <subfield code="b">LBB</subfield>
    <subfield code="c">B524</subfield>
    <subfield code="d">2016-11-02</subfield>
    <subfield code="o">FOR KEO 2015 B524 Or.5</subfield>
    <subfield code="p">RUA061150</subfield>
    <subfield code="r">2016-11-02</subfield>
    <subfield code="w">2016-11-02</subfield>
    <subfield code="y">FOR</subfield>
  </datafield>
  <datafield tag="952" ind1=" " ind2=" ">
    <subfield code="0">0</subfield>
    <subfield code="1">0</subfield>
    <subfield code="2">ddc</subfield>
    <subfield code="4">0</subfield>
    <subfield code="6">FOR_KEO_2015_000000000000000_B524_OR_6</subfield>
    <subfield code="7">0</subfield>
    <subfield code="9">55519</subfield>
    <subfield code="a">LBB</subfield>
    <subfield code="b">LBB</subfield>
    <subfield code="c">B524</subfield>
    <subfield code="d">2016-11-02</subfield>
    <subfield code="o">FOR KEO 2015 B524 Or.6</subfield>
    <subfield code="p">RUA060150</subfield>
    <subfield code="r">2016-11-02</subfield>
    <subfield code="w">2016-11-02</subfield>
    <subfield code="y">FOR</subfield>
  </datafield>
  <datafield tag="952" ind1=" " ind2=" ">
    <subfield code="0">0</subfield>
    <subfield code="1">0</subfield>
    <subfield code="2">ddc</subfield>
    <subfield code="4">0</subfield>
    <subfield code="6">FOR_KEO_2015_000000000000000_B524_OR_7</subfield>
    <subfield code="7">0</subfield>
    <subfield code="9">55528</subfield>
    <subfield code="a">LBB</subfield>
    <subfield code="b">LBB</subfield>
    <subfield code="c">B524</subfield>
    <subfield code="d">2016-11-02</subfield>
    <subfield code="o">FOR KEO 2015 B524 Or.7</subfield>
    <subfield code="p">RUA059912</subfield>
    <subfield code="r">2016-11-02</subfield>
    <subfield code="w">2016-11-02</subfield>
    <subfield code="y">FOR</subfield>
  </datafield>
  <datafield tag="952" ind1=" " ind2=" ">
    <subfield code="0">0</subfield>
    <subfield code="1">0</subfield>
    <subfield code="2">ddc</subfield>
    <subfield code="4">0</subfield>
    <subfield code="6">FOR_KEO_2015_000000000000000_B524_OR_8</subfield>
    <subfield code="7">0</subfield>
    <subfield code="9">55529</subfield>
    <subfield code="a">LBB</subfield>
    <subfield code="b">LBB</subfield>
    <subfield code="c">B524</subfield>
    <subfield code="d">2016-11-02</subfield>
    <subfield code="o">FOR KEO 2015 B524 Or.8</subfield>
    <subfield code="p">RUA060995</subfield>
    <subfield code="r">2016-11-02</subfield>
    <subfield code="w">2016-11-02</subfield>
    <subfield code="y">FOR</subfield>
  </datafield>
  <datafield tag="952" ind1=" " ind2=" ">
    <subfield code="0">0</subfield>
    <subfield code="1">0</subfield>
    <subfield code="2">ddc</subfield>
    <subfield code="4">0</subfield>
    <subfield code="6">FOR_KEO_2015_000000000000000_B487_OR_1</subfield>
    <subfield code="7">0</subfield>
    <subfield code="9">87758</subfield>
    <subfield code="a">LBB</subfield>
    <subfield code="b">LBB</subfield>
    <subfield code="c">B487</subfield>
    <subfield code="d">2021-12-06</subfield>
    <subfield code="o">FOR KEO 2015 B487 Or.1</subfield>
    <subfield code="p">a065897</subfield>
    <subfield code="r">2021-12-06</subfield>
    <subfield code="w">2021-12-06</subfield>
    <subfield code="y">FOR</subfield>
  </datafield>
</record>
